| 000 | 00765nam a2200241 a 4500 | ||
|---|---|---|---|
| 001 | 41825 | ||
| 003 | BD-RjUL | ||
| 005 | 20211209053445.0 | ||
| 008 | 160606s1988 ii b b 001 0 eng | ||
| 020 |
_a817074024X _c: Rs130.00 |
||
| 035 | _a(BD-RjUL) 41943 | ||
| 040 |
_aDLC _cDLC _dDLC _dBDjUL _beng |
||
| 041 | _aeng | ||
| 082 | 0 | 0 |
_a954.03 _219 _bIND 1988 |
| 245 | 0 | 4 |
_aThe Indian nation in 1942 / _ceditor, Gyanendra Pandey. |
| 260 |
_aCalcutta : _bK.P. Bagchi, _c1988. |
||
| 300 |
_avi, 268 p. : _bill. ; _c22 cm. |
||
| 504 | _aIncludes bibliographies and index. | ||
| 651 | 0 |
_aIndia _xHistory _yQuit India movement, 1942. _9128477 |
|
| 700 | 1 |
_aPandey, Gyanendra, _d1949- _9128478 |
|
| 710 | 2 |
_aCentre for Studies in Social Sciences. _9126516 |
|
| 942 |
_2ddc _cBK |
||
| 999 |
_c41825 _d41825 |
||